LEADER 02559nam2 22004933i 450 001 MIL0020301 005 20231121125527.0 010 $a8831191187 100 $a19990317d1983 ||||0itac50 ba 101 | $aita$alat 102 $ait 181 1$6z01$ai $bxxxe 182 1$6z01$an 200 1 $a˜30.2: œDiscorsi. 2./2 (86-116)$eSul Nuovo Testamento$etesto latino dell'edizione maurina e delle edizioni postmaurine$fSant'Agostino$gtraduzione e note di Luigi Carrozzi$gindici: Franco Monteverde 210 $aRoma$cCittà Nuova$d1983 215 $a635 p., [5] carte di tav.$cill.$d24 300 $aNell'occhietto: Parte 3.: Discorsi, volume 30./2. 461 1$1001CFI0025514$12001 $aOpere di sant'Agostino$v30.2 500 10$aSermones.$3BVEE001117$9CFIV004595$921779 676 $a230$9Cristianesimo, teologia cristiana.$v21 700 1$aAugustinus$b, Aurelius$c $3CFIV004595$4070$0152280 702 1$aCarrozzi$b, Luigi$3CFIV018617 702 1$aMonteverde$b, Franco$f <1933-2018>$3CFIV033106 790 0$aAugustinus Aurelius$c $3BVEV021814$zAugustinus, Aurelius 790 0$aAgostino : d'Ippona$c $3CFIV013519$zAugustinus, Aurelius 790 1$aAgostino$b, Aurelio$c $3CFIV030601$zAugustinus, Aurelius 790 0$aAugustinus : von Hippo$c $3CFIV130059$zAugustinus, Aurelius 790 0$aAurelio Agostino$c $3CFIV137762$zAugustinus, Aurelius 790 0$aAgostino$c $3CFIV157151$zAugustinus, Aurelius 790 0$aAgostino$3CFIV211414$zAugustinus, Aurelius 790 0$aAugustinus : Hipponensis$c $3RMLV215613$zAugustinus, Aurelius 801 3$aIT$bIT-01$c19990317 850 $aIT-RM028 $aIT-RM0290 $aIT-RM0281 $aIT-FR0084 $aIT-RM0151 $aIT-FR0017 899 $aBiblioteca Universitaria Alessandrina$bRM028 899 $aBIBLIOTECA ANGELICA$bRM0290 899 $aBIBLIOTECA VALLICELLIANA$bRM0281 899 $aBiblioteca Del Monumento Nazionale Di Montecassino$bFR0084 899 $aBiblioteca Istituto Storico Italiano Medio Evo - I$bRM0151 899 $aBiblioteca umanistica Giorgio Aprea$bFR0017 $eN 912 $aMIL0020301 950 2$aBiblioteca umanistica Giorgio Aprea$d 52MAG 3 Coll A 30.2$e 52BUN0000083515 VMB RS $fA $h20200714$i20200714 977 $a 01$a 06$a 08$a 25$a 41$a 52 996 $aSermones$921779 997 $aUNICAS